Distributive justice and need fulfilment in an Islamic economy / (Record no. 3624)

000 -LEADER
fixed length control field 01428nam a2200313 a 4500
001 - CONTROL NUMBER
control field 1018029
003 - CONTROL NUMBER IDENTIFIER
control field Nust
005 - DATE AND TIME OF LATEST TRANSACTION
control field 20170105101221.0
008 - FIXED-LENGTH DATA ELEMENTS--GENERAL INFORMATION
fixed length control field 871013s1986 pk b 101 0 eng
010 ## - LIBRARY OF CONGRESS CONTROL NUMBER
LC control number 87930655
040 ## - CATALOGING SOURCE
Original cataloging agency DLC
Transcribing agency DLC
Modifying agency DLC
043 ## - GEOGRAPHIC AREA CODE
Geographic area code a------
-- f------
050 00 - LIBRARY OF CONGRESS CALL NUMBER
Classification number HB126.4
Item number .D57 1986
245 00 - TITLE STATEMENT
Title Distributive justice and need fulfilment in an Islamic economy /
Statement of responsibility, etc. edited by Munawar Iqbal.
260 ## - PUBLICATION, DISTRIBUTION, ETC.
Place of publication, distribution, etc. Islamabad :
Name of publisher, distributor, etc. International Institute of Islamic Economics, International Islamic University,
Date of publication, distribution, etc. [1986]
300 ## - PHYSICAL DESCRIPTION
Extent 378 p. ;
Dimensions 25 cm.
500 ## - GENERAL NOTE
General note "Papers presented to the Second International Conference on Islamic Economics held at Islamabad during Mar. 19-23, 1983"--Pref.
504 ## - BIBLIOGRAPHY, ETC. NOTE
Bibliography, etc. note Includes bibliographical references.
650 #0 - SUBJECT ADDED ENTRY--TOPICAL TERM
Topical term or geographic name entry element Economics
Geographic subdivision Islamic countries
General subdivision Congresses.
650 #0 - SUBJECT ADDED ENTRY--TOPICAL TERM
Topical term or geographic name entry element Distributive justice
General subdivision Religious aspects
-- Islam
-- Congresses.
650 #0 - SUBJECT ADDED ENTRY--TOPICAL TERM
Topical term or geographic name entry element Income distribution
Geographic subdivision Islamic countries
General subdivision Congresses.
650 #0 - SUBJECT ADDED ENTRY--TOPICAL TERM
Topical term or geographic name entry element Economics
General subdivision Religious aspects
-- Islam
-- Congresses.
700 1# - ADDED ENTRY--PERSONAL NAME
Personal name Iqbal, Munawar.
710 2# - ADDED ENTRY--CORPORATE NAME
Corporate name or jurisdiction name as entry element International Islamic University (Islāmābād, Pakistan).
Subordinate unit International Institute of Islamic Economics.
711 2# - ADDED ENTRY--MEETING NAME
Meeting name or jurisdiction name as entry element International Conference on Islamic Economics
Number of part/section/meeting (2nd :
Date of meeting 1983 :
Location of meeting Islāmābād, Pakistan)
906 ## - LOCAL DATA ELEMENT F, LDF (RLIN)
a 7
b cbc
c orignew
d 3
e ncip
f 19
g y-gencatlg
942 ## - ADDED ENTRY ELEMENTS (KOHA)
Source of classification or shelving scheme
Koha item type Book
Holdings
Withdrawn status Lost status Source of classification or shelving scheme Damaged status Not for loan Collection code Permanent Location Current Location Shelving location Date acquired Total Checkouts Full call number Barcode Date last seen Price effective from Koha item type
            Central Library (CL) Central Library (CL) General Stacks 11/22/2016   339.201 DIS S3H-N-1364 11/22/2016 11/22/2016 Book
© 2023 Central Library, National University of Sciences and Technology. All Rights Reserved.